| 000 | 00532nam a22001817a 4500 | ||
|---|---|---|---|
| 005 | 20251108180002.0 | ||
| 008 | 250721s2023 xx 000 0 ara d | ||
| 082 | 1 | 4 | _aط/551/كلا |
| 100 | 1 | _aديركي، ربيع | |
| 245 | 1 | 0 | _aعلم الأرض للأطفال الفضوليين / |
| 264 | 1 |
_aدمشق : _bبيت الحكمة، _c2023. |
|
| 300 | _a123ص. | ||
| 650 | 1 | 7 | _aعلم الارض |
| 653 | _aناشئون صغار(10-14)سنة | ||
| 700 | 1 | _aكلايبورن، آنا | |
| 942 |
_2ddc _cBK |
||
| 999 |
_c147066 _d147066 |
||